Holiday Quiz

Random Holiday or Animal Quiz
Score 0/30 Timer 10:00
2 Plays Today
% Correct
Cottontail Rabbit
99.7%
Mute Swan
96.6%
Polar Bear
95.7%
North American Raccoon
94%
Dromedary
91.9%
Reticulated Giraffe
91.4%
Pacific Black Duck
91.1%
North American Beaver
89.1%
Koala
87.6%
Greater Flamingo
86.8%
Grey Wolf
85.5%
American Bison
85.5%
Striped Skunk
85.2%
Mountain Gorilla
85.2%
Leopard
84.8%
% Correct
Red Squirrel
84.3%
Spotted Hyena
83.3%
Barbary Macaque
82.8%
North American Porcupine
81.2%
Harvest Mouse
79.2%
Moose
75.7%
Common Warthog
75.2%
Meerkat
73.1%
Thomson's Gazelle
65.1%
Blue Wildebeest
51.8%
Yak
50.7%
Prairie Dog
50.5%
Groundhog
48.8%
Bighorn Sheep
39.9%
Okapi
37%
Remove Ads.
Support Sporcle.
Get the best of Sporcle when you Go Orange. This ad-free experience offers more features, more stats, and more fun while also helping to support Sporcle. Thank you for becoming a member.

You're not logged in!

Compare scores with friends on all Sporcle quizzes.
OR
Log In

Show Comments

Extras

Top Quizzes Today


Score Distribution

Your Account Isn't Verified!

In order to create a playlist on Sporcle, you need to verify the email address you used during registration. Go to your Sporcle Settings to finish the process.

Report this User

Report this user for behavior that violates our Community Guidelines.

Details: